000 00386nam a2200169Ia 4500
005 20250423095046.0
008 250422s9999 xx 000 0 und d
020 _a0- 596- 00878- 3
050 _aTK 5105.59 .W56/
100 _aWindley, Phillip J.
245 0 _aDigital identity
260 _aCalifornia
260 _bO'Reilly
260 _c2005
300 _a234 p
942 _cBK
999 _c29115
_d29115